| 000 | 00765nam a22002417a 4500 | ||
|---|---|---|---|
| 003 | UA-OsUOA | ||
| 001 | 124152 | ||
| 007 | ta | ||
| 008 | 20170801b un ||||| |||| 00| 0 ukr d | ||
| 100 | _aБуланов А. Ю. | ||
| 090 |
_a343.234(470+571) _bБ90 |
||
| 942 | _cBK | ||
| 040 |
_aUA-OsUOA _brus _cUA-OsUOA _dUA-OsUOA |
||
| 245 | _aРоль смягчающих обстоятельств при квалификации преступлений и назначении наказания | ||
| 300 | _a272 с. | ||
| 955 | _a1 | ||
| 041 | _arus | ||
| 080 | _a343.234(470+571) | ||
| 020 | _a5-9594-0030-8 | ||
| 260 |
_aМ. _bКамерон _c2005 |
||
| 650 | 7 |
_a343 Кримінальне право. Карні порушення _2UDC |
|
| 999 |
_c411385 _d411385 |
||